Statistics for Most Expensive Football Transfers

Click here to take the quiz!

General Stats

  • This quiz has been taken 18 times
  • The average score is 14 of 20

Answer Stats

HintAnswer% Correct
€94m (2009)Cristiano Ronaldo
100%
€100m (2018)Cristiano Ronaldo
100%
€222m (2017)Neymar
94%
€86.2m (2013)Neymar
94%
€105m (2016)Paul Pogba
83%
€145m (+35m) (2017)Kylian Mbappe
78%
€120m (2019)Antoine Griezmann
72%
€100.8m (2013)Gareth Bale
72%
€117m (2021)Jack Grealish
72%
€120m (+40m) (2018)Philippe Coutinho
72%
€105m (+45m) (2017)Ousmane Dembele
67%
€115m (2021)Romelu Lukaku
67%
€121m (2023)Enzo Fernandez
61%
€126m (2019)Joao Felix
61%
€103m (2023)Jude Bellingham
61%
€100m (+40m) (2019)Eden Hazard
56%
€87.1m (2019)Harry Maguire
56%
€90m (2016)Gonzalo Higuain
50%
€95m (+5m) (2022)Antony
44%
€100m (2023)Mykhailo Mudryk
17%

Score Distribution

Percentile by Number Answered

Percent of People with Each Score

Your Score History

You have not taken this quiz